00213nam a2200085Ia 4500008004100000020001800041082001800059100001900077245003100096220630s9999 xx 000 0 und d a9781430800774 aST 621.3 TEUN aTeunissen, G.R 0aElectrical Trade Theory N2